000 00853nam a2200253Ia 4500
003 OSt
005 20220923224805.0
006 a|||||r|||| 00| 0
007 ta
008 220922b |||||||| |||| 00| 0 hin d
024 _a250,309
037 _cTextual
040 _aARTS
_cARTS
_bhin
041 _2hin
_ahin
082 _aO152,1J03:g, K5
100 _aप्रभात
245 0 _aमीरॉंबाई
_b शोध प्रबन्ध
246 _aMīraॉanbāī: shodh prabandha
260 _aबम्बई
_b हिन्दी ग्रन्थ रत्नाकर प्राइवेट लिमिटेड
_c1965
300 _a528पृ.
_ccm.
650 _aहिन्दी साहित्य
_9156264
942 _hO152,1J03:g, K5
_cTEXL
_2CC
999 _c373667
_d373667